| 000 | 00852 a2200265 4500 | ||
|---|---|---|---|
| 003 | Nust | ||
| 005 | 20170207154048.0 | ||
| 010 | _a 2008012456 | ||
| 020 | _a0444515585 (hbk.) | ||
| 020 | _a9780444515582 (hbk.) | ||
| 035 | _a(OCoLC)214065289 | ||
| 035 | _a(OCoLC)ocn214065289 | ||
| 040 | _cNust | ||
| 082 | 0 | 0 | _a332.1 |
| 245 | 0 | 0 |
_aHandbook of financial intermediation and banking-(E-BOOK) _cedited by Anjan V. Thakor, Arnoud W.A. Boot. |
| 260 |
_aAmsterdam ; _aBoston : _bNorth-Holland/Elsevier, _cc2008. |
||
| 300 |
_axxv, 577 p. : _bill. ; _c25 cm. |
||
| 440 | 0 | _aHandbooks in finance | |
| 650 | 0 | _aBanks and banking. | |
| 650 | 0 | _aIntermediation (Finance) | |
| 651 | _aE-BOOK | ||
| 700 | 1 |
_aBoot, Arnoud W. A. _d1960- |
|
| 700 | 1 | _aThakor, Anjan V. | |
| 856 | 4 | 1 |
_3Table of contents only _uhttp://www.loc.gov/catdir/toc/ecip0814/2008012456.html |
| 942 |
_2ddc _cBK |
||
| 999 |
_c192962 _d192962 |
||